Europe's B' - Statistics

General Stats
  • This quiz has been taken 22 times
    5 since last reset
  • The average score is 10 of 11
Answer Stats
Hint Answer % Correct
Belgium
100%
capitals Belgrade
100%
Bratislava
100%
Bucharest
100%
Budapest
100%
Bulgaria
100%
countries Belarus
100%
Berlin
75%
Bosnia and Herzegovina
75%
Brussels
75%
Bern
50%
No matching quizzes found
Score Distribution
Percent of People with Each Score
Percentile by Number Answered
Your Score History
You have not taken this quiz since the last reset